[Event "National Elementary Championship"]
[Site "Columbus, Ohio, United States"]
[Date "2022.05.13"]
[Round "2.13"]
[White "Liu, Aiden"]
[Black "Ma, Jin"]
[Result "1-0"]
[TimeControl "G/90;d5"]
[WhiteElo "2015"]
[BlackElo "1497"]

1. e4 {[%clk 01:30:00]} e5 {[%clk 01:30:00]} 2. Nf3 {[%clk 01:30:00]} {[%emt
00:00:21]} Nc6 {[%clk 01:29:57]} 3. d4 {[%clk 01:30:00]} exd4 {[%clk 01:29:53]}
{[%emt 00:00:08]} 4. Nxd4 {[%clk 01:30:00]} Bc5 {[%clk 01:29:46]} {[%emt
00:00:33]} 5. Nb3 {[%clk 01:30:00]} {[%emt 00:00:04]} Bb6 {[%clk 01:29:36]} 6.
Nc3 {[%clk 01:30:00]} {[%emt 00:00:04]} d6 {[%clk 01:29:23]} {[%emt 00:00:07]}
7. Qe2 {[%clk 01:29:55]} {[%emt 00:00:28]} Nf6 {[%clk 01:28:59]} {[%emt
00:00:11]} 8. Be3 {[%clk 01:29:55]} {[%emt 00:00:32]} O-O {[%clk 01:28:41]} 9.
O-O-O {[%clk 01:29:55]} {[%emt 00:00:21]} a5 {[%clk 01:27:47]} {[%emt
00:00:41]} 10. Bxb6 {[%clk 01:29:42]} {[%emt 00:00:40]} cxb6 {[%clk 01:27:41]}
11. a4 {[%clk 01:29:42]} Be6 {[%clk 01:26:05]} {[%emt 00:01:34]} 12. Kb1 {[%clk
01:26:44]} {[%emt 00:03:04]} Re8 {[%clk 01:22:22]} {[%emt 00:03:47]} 13. f3
{[%clk 01:25:42]} {[%emt 00:01:06]} Nb4 {[%clk 01:15:14]} {[%emt 00:07:37]} 14.
Qf2 {[%clk 01:18:54]} {[%emt 00:06:31]} Bxb3 {[%clk 01:12:58]} {[%emt
00:02:38]} 15. cxb3 {[%clk 01:18:54]} Rc8 {[%clk 01:07:55]} {[%emt 00:04:53]}
16. Qd4 {[%clk 01:12:33]} {[%emt 00:06:26]} Qc7 {[%clk 01:05:51]} {[%emt
00:02:27]} 17. Bc4 {[%clk 01:09:12]} {[%emt 00:03:13]} Red8 {[%clk 01:02:56]}
{[%emt 00:02:55]} 18. Nb5 {[%clk 01:07:33]} {[%emt 00:01:45]} Qc5 {[%clk
00:55:42]} {[%emt 00:07:18]} 19. Nxd6 {[%clk 01:04:19]} {[%emt 00:03:52]} Qc7
{[%clk 00:53:07]} {[%emt 00:02:10]} 20. e5 {[%clk 01:01:17]} {[%emt 00:03:04]}
Nc6 {[%clk 00:51:19]} {[%emt 00:01:53]} 21. Qe3 {[%clk 01:00:52]} {[%emt
00:00:33]} Rb8 {[%clk 00:39:27]} {[%emt 00:11:53]} 22. Bxf7+ {[%clk 00:53:58]}
{[%emt 00:06:59]} Kh8 {[%clk 00:38:15]} {[%emt 00:01:18]} 23. Bc4 {[%clk
00:53:12]} {[%emt 00:00:50]} Rd7 {[%clk 00:35:23]} {[%emt 00:02:57]} 24. exf6
{[%clk 00:50:31]} {[%emt 00:02:49]} Rxd6 {[%clk 00:33:46]} {[%emt 00:01:51]} 25.
fxg7+ {[%clk 00:50:31]} Kxg7 {[%clk 00:32:59]} {[%emt 00:00:45]} 26. Qc3+
{[%clk 00:50:15]} {[%emt 00:00:44]} Rf6 {[%clk 00:31:13]} {[%emt 00:01:28]} 27.
Rd5 {[%clk 00:49:19]} {[%emt 00:01:01]} h6 {[%clk 00:29:55]} {[%emt 00:01:24]}
28. Rhd1 {[%clk 00:48:56]} {[%emt 00:00:26]} Rd8 {[%clk 00:28:59]} {[%emt
00:01:05]} 29. Rxd8 {[%clk 00:46:19]} {[%emt 00:02:39]} Nxd8 {[%clk 00:28:54]}
{[%emt 00:00:15]} 30. Qd4 {[%clk 00:46:18]} {[%emt 00:00:07]} Nf7 {[%clk
00:26:50]} {[%emt 00:02:13]} 31. Qg4+ {[%clk 00:45:06]} {[%emt 00:01:07]} Rg6
{[%clk 00:25:46]} {[%emt 00:01:09]} 32. Rd7 {[%clk 00:44:44]} {[%emt 00:00:31]}
Rxg4 {[%clk 00:24:34]} {[%emt 00:01:13]} 33. Rxc7 {[%clk 00:44:44]} {[%emt
00:00:07]} Rf4 {[%clk 00:24:05]} {[%emt 00:00:30]} 34. Rxb7 {[%clk 00:44:44]}
{[%emt 00:00:22]} Rf6 {[%clk 00:23:42]} {[%emt 00:00:12]} 35. b4 {[%clk
00:44:37]} {[%emt 00:00:14]} axb4 {[%clk 00:22:43]} {[%emt 00:01:09]} 36. Ka2
{[%clk 00:44:37]} {[%emt 00:00:12]} Kg6 {[%clk 00:22:16]} {[%emt 00:00:19]} 37.
Rxf7 {[%clk 00:44:37]} {[%emt 00:00:08]} Rxf7 {[%clk 00:22:12]} {[%emt
00:00:10]} 38. Bxf7+ {[%clk 00:44:37]} Kxf7 {[%clk 00:22:12]} {[%emt 00:00:04]}
39. Kb3 {[%clk 00:44:37]} {[%emt 00:00:07]} Ke6 {[%clk 00:22:03]} {[%emt
00:00:12]} 40. Kxb4 {[%clk 00:44:37]} {[%emt 00:00:04]} Kd6 {[%clk 00:21:53]}
{[%emt 00:00:12]} 41. Kb5 {[%clk 00:44:37]} {[%emt 00:00:04]} Kc7 {[%clk
00:21:34]} {[%emt 00:00:20]} 42. f4 {[%clk 00:44:29]} {[%emt 00:00:14]} Kd6
{[%clk 00:21:05]} {[%emt 00:00:43]} 43. Kxb6 {[%clk 00:44:27]} {[%emt
00:00:03]} Ke6 {[%clk 00:21:05]} 44. g4 {[%clk 00:44:26]} 1-0

[Event "National Elementary Championship"]
[Site "Columbus, Ohio, United States"]
[Date "2022.05.13"]
[Round "2.14"]
[White "Kotchen, Aaron"]
[Black "Das, Aditeya"]
[Result "0-1"]
[TimeControl "G/90;d5"]
[WhiteElo "1497"]
[BlackElo "1995"]

1. e4 {[%clk 01:30:00]} {[%emt 00:00:04]} e6 {[%clk 01:30:00]} {[%emt
00:00:03]} 2. d4 {[%clk 01:30:00]} {[%emt 00:00:04]} d5 {[%clk 01:30:00]}
{[%emt 00:00:09]} 3. exd5 {[%clk 01:29:52]} {[%emt 00:00:14]} exd5 {[%clk
01:30:00]} 4. Nf3 {[%clk 01:29:45]} {[%emt 00:00:09]} Nf6 {[%clk 01:30:00]}
{[%emt 00:00:04]} 5. Bd3 {[%clk 01:29:35]} {[%emt 00:00:10]} Bd6 {[%clk
01:30:00]} {[%emt 00:00:43]} 6. Bg5 {[%clk 01:29:20]} O-O {[%clk 01:30:00]} 7.
O-O {[%clk 01:29:16]} {[%emt 00:00:29]} h6 {[%clk 01:30:00]} 8. Bh4 {[%clk
01:29:15]} Bg4 {[%clk 01:30:00]} {[%emt 00:00:08]} 9. Nbd2 {[%clk 01:29:07]}
Nbd7 {[%clk 01:30:00]} 10. c3 {[%clk 01:28:58]} {[%emt 00:00:04]} c6 {[%clk
01:30:00]} {[%emt 00:00:07]} 11. Qc2 {[%clk 01:28:43]} {[%emt 00:00:22]} Qc7
{[%clk 01:30:00]} {[%emt 00:00:09]} 12. h3 {[%clk 01:28:13]} {[%emt 00:00:25]}
Bxf3 {[%clk 01:30:00]} {[%emt 00:00:05]} 13. Nxf3 {[%clk 01:28:04]} {[%emt
00:00:12]} g5 {[%clk 01:30:00]} {[%emt 00:00:04]} 14. Bg3 {[%clk 01:26:53]}
{[%emt 00:01:13]} Bxg3 {[%clk 01:30:00]} {[%emt 00:00:11]} 15. fxg3 {[%clk
01:26:47]} {[%emt 00:00:04]} Qxg3 {[%clk 01:30:00]} {[%emt 00:00:11]} 16. Ne5
{[%clk 01:26:04]} {[%emt 00:00:37]} Nxe5 {[%clk 01:27:39]} {[%emt 00:02:29]} 17.
dxe5 {[%clk 01:26:01]} {[%emt 00:00:07]} Qxe5 {[%clk 01:27:36]} {[%emt
00:00:08]} 18. Rf5 {[%clk 01:25:38]} {[%emt 00:00:34]} Qe3+ {[%clk 01:26:37]}
{[%emt 00:00:56]} 19. Kh2 {[%clk 01:25:09]} {[%emt 00:00:34]} Nh5 {[%clk
01:26:16]} {[%emt 00:00:42]} 20. Raf1 {[%clk 01:23:19]} {[%emt 00:01:40]} Qg3+
{[%clk 01:24:13]} {[%emt 00:02:06]} 21. Kh1 {[%clk 01:22:40]} {[%emt 00:00:57]}
Qd6 {[%clk 01:22:13]} {[%emt 00:01:52]} 22. Kg1 {[%clk 01:21:25]} {[%emt
00:01:24]} Nf4 {[%clk 01:20:36]} {[%emt 00:01:38]} 23. b4 {[%clk 01:18:57]}
{[%emt 00:02:33]} Rae8 {[%clk 01:20:17]} {[%emt 00:00:26]} 24. g3 {[%clk
01:14:00]} {[%emt 00:05:32]} Nh5 {[%clk 01:17:59]} {[%emt 00:01:51]} 25. R5f3
{[%clk 01:10:59]} {[%emt 00:03:06]} Nxg3 {[%clk 01:16:28]} {[%emt 00:01:36]} 26.
Rf6 {[%clk 01:09:48]} {[%emt 00:01:16]} Qe5 {[%clk 01:16:17]} {[%emt 00:00:23]}
27. Rxh6 {[%clk 01:07:27]} {[%emt 00:02:23]} Nxf1 {[%clk 01:15:13]} {[%emt
00:01:08]} 28. Bh7+ {[%clk 01:03:29]} {[%emt 00:04:01]} Kg7 {[%clk 01:14:53]}
{[%emt 00:00:24]} 29. Bg8 {[%clk 01:03:14]} {[%emt 00:00:19]} Qg3+ {[%clk
01:14:43]} {[%emt 00:00:22]} 30. Kxf1 {[%clk 01:02:58]} {[%emt 00:00:21]} Re1#
{[%emt 00:00:08]} 0-1

[Event "National Elementary Championship"]
[Site "Columbus, Ohio, United States"]
[Date "2022.05.13"]
[Round "2.15"]
[White "Jing, Andrew"]
[Black "Gui, Suyuan"]
[Result "0-1"]
[TimeControl "G/90;d5"]
[WhiteElo "1983"]
[BlackElo "1494"]

1. e4 {[%clk 01:30:00]} {[%emt 00:00:01]} c6 {[%clk 01:30:00]} {[%emt
00:00:05]} 2. d4 {[%clk 01:30:00]} {[%emt 00:00:05]} d5 {[%clk 01:30:00]}
{[%emt 00:00:03]} 3. f3 {[%clk 01:30:00]} {[%emt 00:00:04]} dxe4 {[%clk
01:29:57]} {[%emt 00:00:08]} 4. fxe4 {[%clk 01:30:00]} {[%emt 00:00:02]} e5
{[%clk 01:29:52]} {[%emt 00:00:09]} 5. Nf3 {[%clk 01:30:00]} {[%emt 00:00:04]}
Bg4 {[%clk 01:29:52]} {[%emt 00:00:04]} 6. Bc4 {[%clk 01:29:33]} {[%emt
00:00:32]} Nd7 {[%clk 01:28:25]} {[%emt 00:01:31]} 7. O-O {[%clk 01:29:28]}
{[%emt 00:00:10]} Ngf6 {[%clk 01:26:58]} {[%emt 00:01:32]} 8. c3 {[%clk
01:29:01]} {[%emt 00:00:33]} Be7 {[%clk 01:25:31]} {[%emt 00:01:32]} 9. Qb3
{[%clk 01:28:55]} {[%emt 00:00:11]} O-O {[%clk 01:24:46]} {[%emt 00:00:50]} 10.
Nxe5 {[%clk 01:28:43]} {[%emt 00:00:17]} Nxe5 {[%clk 01:21:37]} {[%emt
00:03:14]} 11. dxe5 {[%clk 01:28:43]} {[%emt 00:00:02]} Nxe4 {[%clk 01:21:19]}
{[%emt 00:00:22]} 12. Bxf7+ {[%clk 01:28:21]} {[%emt 00:00:28]} Kh8 {[%clk
01:20:37]} {[%emt 00:00:47]} 13. Be3 {[%clk 01:28:15]} {[%emt 00:00:11]} Qd3
{[%clk 01:04:00]} {[%emt 00:16:42]} 14. Re1 {[%clk 01:27:14]} {[%emt 00:01:07]}
Be2 {[%clk 01:00:53]} {[%emt 00:03:11]} 15. Bd4 {[%clk 01:25:49]} {[%emt
00:01:31]} c5 {[%clk 00:57:09]} {[%emt 00:03:49]} 16. Bc4 {[%clk 01:22:42]}
{[%emt 00:03:11]} Qxc4 {[%clk 00:56:48]} {[%emt 00:00:26]} 17. Qxc4 {[%clk
01:22:42]} {[%emt 00:00:03]} Bxc4 {[%clk 00:56:40]} {[%emt 00:00:09]} 18. Na3
{[%clk 01:22:38]} {[%emt 00:00:13]} Bd5 {[%clk 00:54:35]} {[%emt 00:02:09]} 19.
c4 {[%clk 01:21:45]} {[%emt 00:00:59]} Bc6 {[%clk 00:54:00]} {[%emt 00:00:37]}
20. Be3 {[%clk 01:21:45]} {[%emt 00:00:08]} Bg5 {[%clk 00:51:32]} {[%emt
00:02:32]} 21. Bxg5 {[%clk 01:21:40]} {[%emt 00:00:11]} Nxg5 {[%clk 00:51:31]}
{[%emt 00:00:06]} 22. Nc2 {[%clk 01:21:39]} {[%emt 00:00:07]} Rae8 {[%clk
00:49:55]} {[%emt 00:01:40]} 23. Rf1 {[%clk 01:21:00]} {[%emt 00:00:44]} Rxf1+
{[%clk 00:49:27]} {[%emt 00:00:32]} 24. Rxf1 {[%clk 01:21:00]} {[%emt
00:00:05]} h6 {[%clk 00:49:01]} {[%emt 00:00:31]} 25. h4 {[%clk 01:20:53]}
{[%emt 00:00:12]} Ne4 {[%clk 00:48:28]} {[%emt 00:00:37]} 26. Ne3 {[%clk
01:20:42]} {[%emt 00:00:17]} Rxe5 {[%clk 00:48:01]} {[%emt 00:00:33]} 27. Rf8+
{[%clk 01:20:42]} {[%emt 00:00:02]} Kh7 {[%clk 00:47:50]} {[%emt 00:00:16]} 28.
Nf5 {[%clk 01:20:42]} {[%emt 00:00:02]} Nf6 {[%clk 00:47:13]} {[%emt 00:00:42]}
29. Nd6 {[%clk 01:20:42]} {[%emt 00:00:04]} Re2 {[%clk 00:39:31]} {[%emt
00:07:46]} 30. Nf7 {[%clk 01:20:16]} {[%emt 00:00:31]} Re8 {[%clk 00:39:07]}
{[%emt 00:00:28]} 31. Rxe8 {[%clk 01:20:08]} {[%emt 00:00:13]} Nxe8 {[%clk
00:39:06]} {[%emt 00:00:07]} 32. Ne5 {[%clk 01:20:07]} {[%emt 00:00:07]} g5
{[%clk 00:38:07]} {[%emt 00:01:03]} 33. hxg5 {[%clk 01:19:56]} {[%emt
00:00:16]} hxg5 {[%clk 00:38:06]} {[%emt 00:00:06]} 34. Kf2 {[%clk 01:19:56]}
{[%emt 00:00:06]} Kg7 {[%clk 00:37:55]} {[%emt 00:00:16]} 35. a3 {[%clk
01:19:44]} {[%emt 00:00:17]} a5 {[%clk 00:37:48]} {[%emt 00:00:11]} 36. Nd3
{[%clk 01:19:43]} {[%emt 00:00:07]} Nd6 {[%clk 00:36:26]} {[%emt 00:01:27]} 37.
Nxc5 {[%clk 01:19:29]} {[%emt 00:00:19]} Nxc4 {[%clk 00:36:21]} {[%emt
00:00:08]} 38. b4 {[%clk 01:19:27]} {[%emt 00:00:08]} a4 {[%clk 00:35:09]}
{[%emt 00:01:16]} 39. g4 {[%clk 01:19:12]} {[%emt 00:00:21]} Nxa3 {[%clk
00:35:00]} {[%emt 00:00:14]} 40. Ke3 {[%clk 01:19:12]} {[%emt 00:00:02]} Nc2+
{[%clk 00:34:38]} {[%emt 00:00:25]} 41. Kd3 {[%clk 01:19:06]} {[%emt 00:00:11]}
Nxb4+ {[%clk 00:34:33]} {[%emt 00:00:10]} 42. Kc4 {[%clk 01:19:06]} Na6 {[%clk
00:33:51]} {[%emt 00:00:47]} 43. Ne6+ {[%emt 00:00:14]} Kf6 {[%clk 00:33:45]}
{[%emt 00:00:10]} 44. Nd8 {[%clk 01:18:47]} {[%emt 00:00:16]} b5+ {[%clk
00:33:36]} {[%emt 00:00:14]} 45. Kd4 {[%clk 01:18:47]} {[%emt 00:00:06]} a3
{[%clk 00:33:03]} {[%emt 00:00:38]} 46. Kc3 {[%clk 01:18:38]} {[%emt 00:00:14]}
a2 {[%clk 00:33:01]} {[%emt 00:00:07]} 47. Kb2 {[%clk 01:18:37]} {[%emt
00:00:05]} Bd5 {[%clk 00:33:01]} {[%emt 00:00:04]} 48. Ka1 {[%clk 01:18:37]}
{[%emt 00:00:05]} Ke7 {[%clk 00:32:49]} {[%emt 00:00:16]} 49. Ne6 {[%clk
01:18:34]} {[%emt 00:00:08]} Kxe6 {[%clk 00:32:46]} {[%emt 00:00:09]} 50. Kb2
{[%clk 01:18:34]} {[%emt 00:00:04]} b4 {[%clk 00:32:39]} {[%emt 00:00:12]} 51.
Ka1 {[%clk 01:18:34]} {[%emt 00:00:01]} b3 {[%clk 00:32:34]} {[%emt 00:00:09]}
52. Kb2 {[%clk 01:18:34]} {[%emt 00:00:07]} Nb4 {[%clk 00:32:34]} {[%emt
00:00:03]} 53. Ka3 {[%clk 01:18:26]} {[%emt 00:00:13]} a1=Q+ {[%clk 00:32:18]}
{[%emt 00:00:21]} 54. Kxb4 {[%clk 01:18:26]} {[%emt 00:00:02]} b2 {[%clk
00:31:29]} {[%emt 00:00:54]} 55. Kc5 {[%clk 01:18:26]} {[%emt 00:00:02]} Qc1+
{[%clk 00:31:21]} {[%emt 00:00:12]} 56. Kd4 {[%clk 01:18:23]} {[%emt 00:00:09]}
Qc4+ {[%clk 00:31:16]} {[%emt 00:00:10]} 57. Ke3 {[%emt 00:00:07]} b1=Q {[%clk
00:31:14]} {[%emt 00:00:06]} 58. Kf2 {[%clk 01:18:22]} {[%emt 00:00:03]} Qb2+
{[%clk 00:31:00]} {[%emt 00:00:19]} 59. Kg3 {[%clk 01:18:18]} {[%emt 00:00:06]}
Qd3# {[%clk 00:31:00]} {[%emt 00:00:06]} 0-1

[Event "National Elementary Championship"]
[Site "Columbus, Ohio, United States"]
[Date "2022.05.13"]
[Round "2.16"]
[White "Muneepeerakul, Analaya"]
[Black "Lu, Yiding"]
[Result "0-1"]
[TimeControl "G/90;d5"]
[WhiteElo "1489"]
[BlackElo "1961"]

1. e4 {[%clk 01:30:00]} {[%emt 00:00:01]} e6 {[%clk 01:29:57]} {[%emt
00:00:09]} 2. d4 {[%clk 01:30:00]} {[%emt 00:00:05]} d5 {[%clk 01:29:57]}
{[%emt 00:00:04]} 3. e5 {[%clk 01:29:58]} {[%emt 00:00:07]} c5 {[%clk
01:29:57]} {[%emt 00:00:04]} 4. c3 {[%clk 01:29:55]} {[%emt 00:00:08]} Qb6
{[%clk 01:29:13]} {[%emt 00:00:49]} 5. Nf3 {[%clk 01:29:37]} {[%emt 00:00:22]}
Nc6 {[%clk 01:28:42]} {[%emt 00:00:36]} 6. Na3 {[%clk 01:29:19]} {[%emt
00:00:23]} Bd7 {[%clk 01:24:38]} {[%emt 00:04:09]} 7. Be2 {[%clk 01:28:12]}
{[%emt 00:01:12]} cxd4 {[%clk 01:14:16]} {[%emt 00:10:28]} 8. cxd4 {[%clk
01:28:05]} {[%emt 00:00:12]} Nge7 {[%clk 01:12:50]} {[%emt 00:01:31]} 9. O-O
{[%clk 01:26:23]} {[%emt 00:01:47]} Ng6 {[%clk 01:11:05]} {[%emt 00:01:50]} 10.
Nc2 {[%clk 01:24:32]} {[%emt 00:01:55]} Be7 {[%clk 01:10:08]} {[%emt 00:01:02]}
11. Rb1 {[%clk 01:21:58]} {[%emt 00:02:39]} a5 {[%clk 01:07:17]} {[%emt
00:02:56]} 12. a3 {[%clk 01:20:58]} {[%emt 00:01:06]} a4 {[%clk 01:03:37]}
{[%emt 00:03:45]} 13. Be3 {[%clk 01:18:31]} {[%emt 00:02:31]} Na5 {[%clk
01:00:59]} {[%emt 00:02:43]} 14. Na1 {[%clk 01:11:45]} {[%emt 00:06:50]} Bb5
{[%clk 00:59:05]} {[%emt 00:02:00]} 15. Bxb5+ {[%clk 01:05:23]} {[%emt
00:06:27]} Qxb5 {[%clk 00:59:05]} {[%emt 00:00:05]} 16. Nd2 {[%clk 01:01:43]}
{[%emt 00:03:45]} O-O {[%clk 00:54:54]} {[%emt 00:04:17]} 17. Re1 {[%clk
00:54:25]} {[%emt 00:07:23]} Rfc8 {[%clk 00:50:16]} {[%emt 00:04:42]} 18. Qe2
{[%clk 00:52:53]} {[%emt 00:01:37]} Qd7 {[%clk 00:43:31]} {[%emt 00:06:51]} 19.
Rbc1 {[%clk 00:49:37]} {[%emt 00:03:20]} b5 {[%clk 00:41:13]} {[%emt 00:02:23]}
20. Nc2 {[%clk 00:47:00]} {[%emt 00:02:42]} Qb7 {[%clk 00:38:20]} {[%emt
00:02:58]} 21. f4 {[%clk 00:40:55]} {[%emt 00:06:07]} Rc7 {[%clk 00:31:36]}
{[%emt 00:06:52]} 22. Na1 {[%clk 00:34:05]} {[%emt 00:06:56]} Rac8 {[%clk
00:27:30]} {[%emt 00:04:11]} 23. Qf1 {[%clk 00:28:17]} {[%emt 00:05:53]} b4
{[%clk 00:21:14]} {[%emt 00:06:21]} 24. Rxc7 {[%clk 00:24:30]} {[%emt
00:03:51]} Qxc7 {[%clk 00:17:00]} {[%emt 00:04:19]} 25. axb4 {[%clk 00:23:13]}
{[%emt 00:01:23]} Bxb4 {[%clk 00:16:48]} {[%emt 00:00:17]} 26. Rd1 {[%clk
00:21:20]} {[%emt 00:01:57]} Qb6 {[%clk 00:14:08]} {[%emt 00:02:45]} 27. Nf3
{[%clk 00:17:43]} {[%emt 00:03:42]} Nc4 {[%clk 00:12:23]} {[%emt 00:01:50]} 28.
Bc1 {[%clk 00:16:24]} {[%emt 00:01:24]} Be7 {[%clk 00:10:56]} {[%emt 00:01:33]}
29. Qf2 {[%clk 00:14:56]} {[%emt 00:01:33]} Rb8 {[%clk 00:10:11]} {[%emt
00:00:50]} 30. Qc2 {[%clk 00:12:27]} {[%emt 00:02:33]} Nxb2 {[%clk 00:09:39]}
{[%emt 00:00:37]} 31. Bxb2 {[%clk 00:11:49]} {[%emt 00:00:43]} Qxb2 {[%clk
00:09:39]} {[%emt 00:00:05]} 32. Qxa4 {[%clk 00:10:39]} {[%emt 00:01:14]} Nxf4
{[%clk 00:09:14]} {[%emt 00:00:30]} 33. Qc2 {[%clk 00:09:19]} {[%emt 00:01:25]}
Qxc2 {[%clk 00:07:35]} {[%emt 00:01:46]} 34. Nxc2 {[%clk 00:06:57]} {[%emt
00:02:26]} Rb2 {[%clk 00:06:50]} {[%emt 00:00:49]} 35. Nce1 {[%clk 00:06:23]}
{[%emt 00:00:38]} g5 {[%clk 00:05:42]} {[%emt 00:01:14]} 36. h3 {[%clk
00:06:04]} {[%emt 00:00:24]} h5 {[%clk 00:05:37]} {[%emt 00:00:10]} 37. Nh2
{[%clk 00:05:41]} {[%emt 00:00:28]} Ne2+ {[%clk 00:05:07]} {[%emt 00:00:35]} 38.
Kf1 {[%clk 00:05:34]} {[%emt 00:00:12]} Nf4 {[%clk 00:04:13]} {[%emt 00:00:59]}
39. Kg1 {[%clk 00:04:38]} {[%emt 00:01:01]} Bd8 {[%clk 00:03:51]} {[%emt
00:00:28]} 40. Ra1 {[%clk 00:03:30]} {[%emt 00:01:12]} Bb6 {[%clk 00:03:37]}
{[%emt 00:00:20]} 41. Rd1 {[%clk 00:03:02]} {[%emt 00:00:32]} Bxd4+ {[%clk
00:03:36]} {[%emt 00:00:06]} 42. Kf1 {[%clk 00:02:44]} {[%emt 00:00:23]} Rf2+
{[%clk 00:03:35]} {[%emt 00:00:06]} 43. Kg1 {[%clk 00:02:35]} {[%emt 00:00:15]}
Rd2+ {[%clk 00:03:32]} {[%emt 00:00:08]} 44. Kf1 {[%clk 00:02:25]} {[%emt
00:00:14]} Rxd1 {[%clk 00:03:32]} {[%emt 00:00:05]} 45. Nhf3 {[%clk 00:02:11]}
{[%emt 00:00:18]} Bc3 {[%clk 00:03:27]} {[%emt 00:00:11]} 46. Kf2 {[%clk
00:02:00]} {[%emt 00:00:16]} Bxe1+ {[%clk 00:03:25]} {[%emt 00:00:07]} 47. Nxe1
{[%clk 00:02:00]} {[%emt 00:00:06]} Nd3+ {[%clk 00:03:25]} {[%emt 00:00:03]} 48.
Nxd3 {[%clk 00:01:51]} {[%emt 00:00:13]} Rxd3 {[%clk 00:03:25]} {[%emt
00:00:04]} 49. Ke2 {[%clk 00:01:50]} {[%emt 00:00:06]} Rd4 {[%clk 00:03:24]}
{[%emt 00:00:06]} 50. Kf3 {[%clk 00:01:44]} {[%emt 00:00:12]} Re4 {[%clk
00:03:22]} {[%emt 00:00:06]} 51. g4 {[%clk 00:01:42]} {[%emt 00:00:07]} Rxe5
{[%clk 00:03:22]} {[%emt 00:00:04]} 52. gxh5 {[%clk 00:01:41]} {[%emt
00:00:06]} d4 {[%clk 00:03:22]} {[%emt 00:00:03]} 53. h6 {[%clk 00:01:25]}
{[%emt 00:00:22]} d3 {[%clk 00:03:22]} {[%emt 00:00:03]} 54. h7+ {[%clk
00:01:25]} {[%emt 00:00:04]} Kh8 {[%clk 00:03:22]} {[%emt 00:00:02]} 55. h4
{[%clk 00:01:25]} {[%emt 00:00:05]} d2 {[%clk 00:03:22]} {[%emt 00:00:03]} 56.
hxg5 {[%clk 00:01:25]} {[%emt 00:00:04]} d1=Q+ {[%clk 00:03:22]} {[%emt
00:00:05]} 57. Kg3 {[%clk 00:01:22]} {[%emt 00:00:08]} Rxg5+ {[%clk 00:03:22]}
{[%emt 00:00:04]} 58. Kf4 {[%clk 00:01:13]} {[%emt 00:00:13]} Qg4+ {[%clk
00:03:14]} {[%emt 00:00:13]} 59. Ke3 {[%clk 00:01:12]} {[%emt 00:00:06]} Qh4
{[%clk 00:03:12]} {[%emt 00:00:06]} 60. Kf3 {[%clk 00:01:01]} {[%emt 00:00:17]}
Rg3+ {[%clk 00:03:12]} {[%emt 00:00:03]} 61. Kf2 {[%clk 00:00:45]} {[%emt
00:00:22]} Qh2+ {[%clk 00:03:12]} {[%emt 00:00:04]} 62. Kf1 {[%clk 00:00:45]}
{[%emt 00:00:04]} Rg1# {[%clk 00:03:12]} {[%emt 00:00:02]} 0-1